00334nam a2200109Ia 450000500170000000800410001710000210005824500890007926000320016830000110020065000130021120260326235454.0260326s9999||||xx |||||||||||||| ||und|| aWilson, Bronwen  4aThe World in Venice :b Print, the City, and early Modern identity /cBronwen Wilson bUniversity of Toronto Press a406 p. aHISTORIA